000
00258 a2200097 4500
001
54794
100
_a
Mallat, Stephane
245
_a
Wavelet tour of signal processing, 2nd
260
_a
CA, USA
_b
Academic Press, CA USA
_c
2006
090
_c
33983
_d
33983
942
_a
NUST-CAE
_c
MONOGRAPH
_c
26650
999
_c
289867
_d
289867